Państwa nieuznawane-częściowo uznawane - Statystyki

Ogólne statystyki
  • Ten quiz został rozwiązany 691 razy
  • Średni wynik to 4 z 10
Statystyki odpowiedzi
L.P Liczba krajów które uznaje dane państwo Kraj % Poprawnych
3 105 Republika Kosowa
90%
5 16 Republika Chińska
55%
7 0 Naddniestrzańska Republika Mołdawska
47%
1 5 Abchazja
43%
4 5 Osetia Południowa
43%
8 0 Republika Somalilandu
31%
2 1 Turecka Republika Cypru Północnego
29%
6 0 Republika Górskiego Karabachu
27%
9 0 Doniecka Republika Ludowa
15%
10 0 Lugańska Republika Ludowa
13%
Nie znaleziono quizów pasujących do podanych kryteriów
Rozkład punktacji
Procent ludzi z każdym wynikiem
Percentyl według liczby udzielonych odpowiedzi
Twoja historia wyników
Nie rozwiązałeś tego quizu